Top 10 Wine Producing US States - Statistics

General Stats
  • This quiz has been taken 806 times
  • The average score is 7 of 10
Answer Stats
Gallons State % Correct
783,047,749 California
99%
7,964,417 Oregon
92%
34,712,644 Washington
92%
28,900,577 New York
83%
1,026,465 Texas
81%
3,582,902 Ohio
64%
10,278,722 Pennsylvania
64%
2,334,036 Michigan
52%
4,315,420 Vermont
36%
2,241,527 Kentucky
35%
No matching quizzes found
Score Distribution
Percent of People with Each Score
Percentile by Number Answered
Your Score History
You have not taken this quiz